000
00260nam a2200109Ia 4500
008
190911s9999||||xx |||||||||||||| ||und||
100
_a
Leland L. Beck
245
0
_a
System Software an Introduction
260
_a
USA
_b
Pearson
_c
1997
300
_a
519
942
_c
BK
999
_c
6708
_d
6708